| 000 | 00525cam2a220018100 4500 | ||
|---|---|---|---|
| 001 | qcf00026396 | ||
| 005 | 20190816090845.0 | ||
| 008 | 840420s1945 fr 000 0 fre d | ||
| 035 | _a(Sirsi) r123941 | ||
| 035 | _a(QCAT)lss04076707 | ||
| 035 | _a(UPRA)qcf00026396 | ||
| 040 | _dUPRA | ||
| 100 | 1 |
_aCendrars, Blaise, 1887-1961. _dCendrars, Blaise, 1887-1961. _6A5549.1 |
|
| 245 | 1 | 2 | _aL'homme foudroye. |
| 260 |
_a[Paris] : _bDenoel, _c[c1945] |
||
| 949 |
_aPQ2605.E6 _wlcc _i-178145 _mMAIN _tBOOK _lON-SHELF |
||
| 004 | 123941 | ||
| 999 |
_c81688 _d81688 |
||